| 000 | 00333nam a22001457a 4500 | ||
|---|---|---|---|
| 003 | SGT | ||
| 020 | _a9781259026843 | ||
| 082 |
_a381.14 _bBHA |
||
| 100 | _aBHASKAR, BHARAT | ||
| 245 | _aELECTRONIC COMMERCE FRAMEWORK TECHNOLOGY AND APPLICATION | ||
| 250 | _a4TH | ||
| 260 |
_bMC GRAW HILL _c2019 |
||
| 300 | _a519 | ||
| 942 |
_2ddc _cBK |
||
| 999 |
_c15714 _d15714 |
||